000 00714nam a2200253 i 4500
003 DO-SdBNP
005 20230530095935.0
007 ta
008 230530b1961 sp ||||| |||| 00| 0 spa d
040 _aDO-SdBNP
_bspa
_cBNPHU
_erda
082 4 _222
100 _aMartínez Olmedilla, Augusto
_eautor
_983477
245 1 0 _aVida anecdotica de Napoleon /
_cAugusto Martínez Olmedilla
250 _a3a ed.
264 _aEspaña :
_bAguilar,
_c1961.
300 _a471 páginas ;
_c12 cm.
336 _2rdacontent
_atexto
_btxt
337 _2rdamedia
_asin mediación
_bn
338 _2rdacarrier
_avolumen
_bnc
490 _aCrisol
_v239
590 _aInventariado, 2023/BT
910 _aBtavárez
942 _2ddc
_cLBS1
999 _c53651
_d53651